| 000 | 00921cam a2200253 4500 | ||
|---|---|---|---|
| 008 | 090401t1998 xxu||||| |||| 00| 0 eng d | ||
| 020 | _a1901122840 | ||
| 035 | _a(Sirsi) u87938 | ||
| 041 | _aeng | ||
| 050 | _a333.00711 | ||
| 110 |
_aRoyal Institution of Chartered Surveyors _94900 |
||
| 245 | 4 | _aThe official guide to surveying education... higher education courses in land, property and construction. | |
| 250 | _a2nd ed. | ||
| 260 |
_aWallingford, Oxon. _bGTI Specialist Publishers Ltd. _c1998 |
||
| 300 | _a84p. ; 21cm. | ||
| 350 | _a0 | ||
| 520 | _aCover page: Features a listing of over 180 RICS accredited courses worldwide: information on undergraduate and postgraduate courses of interest to students and professionals. | ||
| 650 | _aHIGHER EDUCATION | ||
| 650 | _aPOSTGRADUATE COURSES | ||
| 650 | _aRICS ACCREDITED COURSES | ||
| 650 | _aSURVEYING COURSES | ||
| 942 | _n0 | ||
| 948 | _c10/08/1998 | ||
| 999 |
_c97283 _d97283 |
||